|
|
|
|
| LEADER |
00583nam a2200169Ia 4500 |
| 008 |
150624b xxu||||| |||| 00| e mal d |
| 999 |
|
|
|c 85437
|d 85437
|
| 020 |
|
|
|a 8182642949
|
| 082 |
|
|
|a 854.61N1
|
| 100 |
|
|
|a Narayanan Kattumadam
|
| 245 |
|
|
|c Narayanan Kattumadam
|a Kattumadathinte lekhanagal /
|
| 260 |
|
|
|a Kozhikode :
|b Mathrubhumi ,
|c 2006.
|
| 300 |
|
|
|a 232 p.
|
| 546 |
|
|
|a In Malayalam.
|
| 650 |
|
|
|v Malayalam essays
|
| 942 |
|
|
|c BK
|
| 952 |
|
|
|0 0
|1 0
|4 0
|6 854_000000000000000_61N1_KAT_M
|7 0
|9 85381
|a UL
|b UL
|c ST1
|d 2006-12-06
|e CUB
|l 4
|m 1
|o 854.61N1 KAT M
|p 80837
|r 2016-07-19
|s 2016-06-27
|v 120.00
|y BK
|